[Event "Noyabrsk YANAO-ch (Women)"]
[Site "Noyabrsk"]
[Date "2008.01.19"]
[Round "7"]
[White "Gajduchik, Daria"]
[Black "Kalashnikova, Ekaterina"]
[Result "1/2-1/2"]
[WhiteElo "1769"]
[BlackElo "1725"]
[PlyCount "83"]
[EventDate "2008.01.16"]
[EventType "tourn"]
[EventRounds "9"]
[EventCountry "RUS"]
[SourceTitle "EXT 2010"]
[Source "ChessBase"]
[SourceDate "2010.11.25"]
[SourceVersion "1"]
[SourceVersionDate "2010.11.25"]
[SourceQuality "1"]

1. e4 c5 2. Nf3 Nc6 3. d4 cxd4 4. Nxd4 e5 5. Nb5 a6 6. Nd6+ Bxd6 7. Qxd6 Qf6 8. Qxf6 Nxf6 9. Nc3 Nb4 10. Bd3 Nxd3+ 11. cxd3 b5 12. 0-0 Bb7 13. Bg5 Ng8 14. a3 f6 15. Be3 Ne7 16. f4 exf4 17. Bxf4 Ng6 18. Bd6 Rc8 19. Rac1 Rc6 20. Bb4 Ne5 21. Rfd1 Kf7 22. d4 Nc4 23. b3 a5 24. d5 Ra6 25. Bc5 d6 26. bxc4 dxc5 27. Nxb5 Bc8 28. h3 Bd7 29. Kf2 Rb6 30. a4 Re8 31. Kf3 g5 32. g4 Kg6 33. Rb1 Reb8 34. Re1 h5 35. Rh1 h4 36. Rhe1 Kg7 37. e5 fxe5 38. Rxe5 Kf6 39. Rbe1 R8b7 40. Ke4 Kg6 41. Rf1 Rf6 42. Re1 1/2-1/2

[Event "Noyabrsk YANAO-ch (Women)"]
[Site "Noyabrsk"]
[Date "2008.01.19"]
[Round "9"]
[White "Gajduchik, Daria"]
[Black "Mustafina, Dinara"]
[Result "0-1"]
[WhiteElo "1769"]
[BlackElo "1834"]
[PlyCount "54"]
[EventDate "2008.01.16"]
[EventType "tourn"]
[EventRounds "9"]
[EventCountry "RUS"]
[SourceTitle "EXT 2010"]
[Source "ChessBase"]
[SourceDate "2010.11.25"]
[SourceVersion "1"]
[SourceVersionDate "2010.11.25"]
[SourceQuality "1"]

1. e4 e5 2. Nf3 Nc6 3. Bb5 f5 4. exf5 e4 5. Qe2 Qe7 6. Bxc6 bxc6 7. Nd4 Qe5 8. Nf3 Qe7 9. Nd4 Nf6 10. 0-0 d5 11. Nxc6 Qc5 12. Ne5 Bd6 13. Ng4 0-0 14. Nxf6+ Rxf6 15. Nc3 Bxf5 16. d3 Rg6 17. dxe4 Bh3 18. g3 Bxf1 19. Qxf1 Rf8 20. Qg2 dxe4 21. Be3 Qb4 22. Nd5 Qxb2 23. c3 c6 24. Rb1 Qxa2 25. Nb4 Bxb4 26. Rxb4 Qf7 27. Rxe4 Qf3 0-1